Statistics for Top 15 Most Powerful Countries of Asia

Click here to take the quiz!

General Stats

  • This quiz has been taken 65 times
  • The average score is 13 of 15

Answer Stats

RankCountry% Correct
1stChina
98%
2ndIndia
98%
8thIran
95%
5thJapan
95%
4thPakistan
95%
3rdSouth Korea
95%
7thIndonesia
93%
11thSaudi Arabia
87%
13thThailand
87%
6thTurkey
87%
10thVietnam
87%
9thIsrael
84%
15thPhillippines
75%
12thTaiwan
69%
14thSingapore
55%

Score Distribution

Percentile by Number Answered

Percent of People with Each Score

Your Score History

You have not taken this quiz